Managing organizational behavior / (Record no. 2931)

000 -LEADER
fixed length control field nam a22 a 4500
005 - DATE AND TIME OF LATEST TRANSACTION
control field 20170518163204.0
008 - FIXED-LENGTH DATA ELEMENTS--GENERAL INFORMATION
fixed length control field 170518b1985 enk||||| |||| 00| 0 eng d
020 ## - INTERNATIONAL STANDARD BOOK NUMBER
International Standard Book Number 0471871419
040 ## - CATALOGING SOURCE
Original cataloging agency AKMAL
082 ## - DEWEY DECIMAL CLASSIFICATION NUMBER
Classification number 658 SCH
090 ## - LOCALLY ASSIGNED LC-TYPE CALL NUMBER (OCLC); LOCAL CALL NUMBER (RLIN)
Classification number (OCLC) (R) ; Classification number, CALL (RLIN) (NR) 658
Local cutter number (OCLC) ; Book number/undivided call number, CALL (RLIN) SCH
100 ## - MAIN ENTRY--PERSONAL NAME
Personal name Schermerhorn, John R.
9 (RLIN) 6136
245 ## - TITLE STATEMENT
Title Managing organizational behavior /
Statement of responsibility, etc. John R. Schermerhorn, James G. Hunt, Richard N. Osborn.
250 ## - EDITION STATEMENT
Edition statement 2nd ed
260 ## - PUBLICATION, DISTRIBUTION, ETC.
Place of publication, distribution, etc. New York
-- Chichester
Name of publisher, distributor, etc. Wiley
Date of publication, distribution, etc. c1985.
300 ## - PHYSICAL DESCRIPTION
Extent 1 v. (various pagings)
Other physical details ill(some col.)
Dimensions 24cm
490 ## - SERIES STATEMENT
Series statement Wiley series in management
500 ## - GENERAL NOTE
General note Previous ed.: 1982.
500 ## - GENERAL NOTE
General note Includes index.
650 ## - SUBJECT ADDED ENTRY--TOPICAL TERM
Topical term or geographic name entry element Organizational behavior.
9 (RLIN) 565
650 ## - SUBJECT ADDED ENTRY--TOPICAL TERM
Topical term or geographic name entry element Management.
9 (RLIN) 1462
700 ## - ADDED ENTRY--PERSONAL NAME
Personal name Hunt, James G.
Dates associated with a name 1932-
Fuller form of name (James Gerald)
9 (RLIN) 6137
700 ## - ADDED ENTRY--PERSONAL NAME
Personal name Osborn, Richard.
9 (RLIN) 6138
942 ## - ADDED ENTRY ELEMENTS (KOHA)
Source of classification or shelving scheme
Koha item type Book
Holdings
Withdrawn status Lost status Source of classification or shelving scheme Damaged status Not for loan Collection code Home library Current library Shelving location Date acquired Inventory number Total Checkouts Full call number Barcode Date last seen Price effective from Koha item type
          NON-FICTION AKMAL Melaka AKMAL Melaka PINJAMAN 18.05.2017 600350   658 SCH 201704039 18.05.2017 18.05.2017 Book
Pusat Sumber Maklumat Dato' Haji Sarmin Md Hussin, Akademi Kastam Diraja Malaysia, Melaka
Tel: 06-2331106 | Faks: 06-2313787